| 000 | 00808nam a2200217 a 4500 | ||
|---|---|---|---|
| 005 | 20210223122906.0 | ||
| 008 | 991125s1952 mx 000 0 spa u | ||
| 035 | _aUPN01000043580 | ||
| 049 | _aLT | ||
| 050 | 4 |
_aLB1571 M6.6 _b1952 |
|
| 100 | 1 |
_aPatrón Peniche, Prudencio _928601 |
|
| 245 | 1 | 0 |
_aPara el maestro : _bdesarrollo mensual del programa oficial para la enseñanza de sexto año / _cPrudencio Patrón Peniche, María L. Souza de P. ; rev. J. Jesús de la Rosa P., Ma. Antonieta Alvarez N |
| 260 |
_aMéxico : _bAvante, _c1952 |
||
| 300 |
_a578 p. : _bil. |
||
| 500 | _a"Segundo grado del tercer ciclo" | ||
| 500 | _aDisponible en la Colección Medina | ||
| 650 | 4 |
_aEDUCACION PRIMARIA - _vMANUALES _99222 |
|
| 700 | 2 |
_aSouza de P., María L., _ecoaut. |
|
| 904 |
_aAC _b043582 |
||
| 905 | _aLibro | ||
| 999 |
_c43580 _d43580 |
||